000 00826nam a2200217Ii 4500
003 JO-AjNU
008 230605s9999||||xx |||||||||||||| ||und||
017 _a1988/7654
040 _aJO-AjNU
_bara
_erda
_cJO-AjNU
041 _aara
050 1 4 _aHB849.44.M8338.1989
100 3 _aعبدالكريم،محمد غريب,
_eauthor
_916442
245 0 0 _aالسسيولوجيا الوظيفية:دراسة نقدية تحليلية في نظرية علم الاجتماع الغربي
264 3 1 _aالاسكندرية:المكتب الجامعي الحديث،1989
300 _a240ص
336 _atext
_btxt
_2rdacontent
337 _aunmediated
_bn
_2rdamedia
338 _avolume
_bnc
_2rdacarrier
490 0 _aدراسات اجتماعية وسكانية
650 4 _aدراسات اجتماعية وسكانية
_916443
999 _aA4871
_c8439
_d8439